Statystyki dla Największe miasta w Aglomeracji Śląskiej

Kliknij tutaj aby rozwiązać quiz!

Ogólne statystyki

  • Ten quiz został rozwiązany 178 razy
  • Średni wynik to 11 z 19

Statystyki odpowiedzi

Liczba ludnościMiasto% Poprawnych
294 510Katowice
100%
204 013Sosnowiec
90%
181 309Gliwice
87%
174 349Zabrze
83%
166 795Bytom
75%
140 098Ruda Śląska
69%
128 211Tychy
69%
107 963Chorzów
65%
120 259Dąbrowa Górnicza
63%
74 647Mysłowice
52%
91 563Jaworzno
50%
68 011Siemianowice Śląskie
44%
57 961Będzin
42%
55 300Piekary Śląskie
41%
50 385Świętochłowice
40%
61 361Tarnowskie Góry
40%
40 813Mikołów
37%
31 677Czeladź
29%
38 594Knurów
29%

Rozkład punktacji

Percentyl według liczby udzielonych odpowiedzi

Procent ludzi z każdym wynikiem

Twoja historia wyników

Nie rozwiązałeś tego quizu